Normal view
MARC view
Entry Personal Name
001 - CONTROL NUMBER
- control field: 52400
003 - CONTROL NUMBER IDENTIFIER
- control field: ARRUPE
005 - DATE AND TIME OF LATEST TRANSACTION
- control field: 20240208105722.0
008 - FIXED-LENGTH DATA ELEMENTS
- fixed length control field: 240208|| aca||aabn | a|a d
040 ## - CATALOGING SOURCE
- Original cataloging agency: ARRUPE
- Transcribing agency: ARRUPE
100 ## - HEADING--PERSONAL NAME
- Personal name: Farren, Larry,
- Dates associated with a name: 1941-
670 ## - SOURCE DATA FOUND
- Source citation: Work cat.: (ARRUPE)131779: Hunter, Glyn, 1948- 52398, Voices of Zimbabwe :, c2001]